| 000 | 00689cab a2200229 4500 | ||
|---|---|---|---|
| 001 | WB3303-41 | ||
| 008 | 090401t1997 xxu||||| |||| 00| 0 eng d | ||
| 035 | _a(Sirsi) u26677 | ||
| 041 | _aeng | ||
| 245 | _aParty Wall etc Act 1996 | ||
| 260 | _c1997 | ||
| 350 | _a0 | ||
| 490 |
_aDOE Information Bulletin _v(010) 9 January 1997, (2) |
||
| 520 | _aAnnounces the issue of a consultation paper setting out proposals for bringing the Party Wall etc Act 1996 into force. | ||
| 650 |
_aBoundary disputes _96221 |
||
| 650 | _aDISPUTES | ||
| 650 | _aPARTY WALL ETC ACT 1996 | ||
| 650 |
_aParty walls _96258 |
||
| 690 | _aPROPERTY LAW AND PRACTICE | ||
| 942 | _n0 | ||
| 948 | _c04/03/1997 | ||
| 999 |
_c17949 _d17949 |
||